Southville International School and Colleges
Your cart is empty.
  • Cart
  • Lists
    Public lists Eva Luna New books Lux_list list_1
    Your lists Log in to create your own lists
  • Log in to your account
  • Your cookies
  • Search history
Southville International School and Colleges
  • Advanced search
  • Recent comments
  • Most popular
  • Libraries

Log in to your account

Log in with GOOGLE


If you do not have an external account, but do have a local account, you can still log in:

  1. Home
  2. MARC view: The Wisdom of Solomon at work :
Normal view MARC view ISBD view

The Wisdom of Solomon at work : (Record no. 356591)

[ view plain ]
MARC details
000 -LEADER
fixed length control field 00777nam a2200241Ia 4500
008 - FIXED-LENGTH DATA ELEMENTS--GENERAL INFORMATION
fixed length control field 180523s9999 xx 000 0 und d
020 ## - INTERNATIONAL STANDARD BOOK NUMBER
International Standard Book Number 0-07-120426-1
050 ## - LIBRARY OF CONGRESS CALL NUMBER
Classification number MAIN BS 1199.L4
050 ## - LIBRARY OF CONGRESS CALL NUMBER
Item number .W57 2001
245 #4 - TITLE STATEMENT
Title The Wisdom of Solomon at work :
245 #0 - TITLE STATEMENT
Remainder of title ancient virtues for living and leading today /
245 #0 - TITLE STATEMENT
Statement of responsibility, etc Charles C. Manz.. [[et al].]
260 ## - PUBLICATION, DISTRIBUTION, ETC. (IMPRINT)
Place of publication, distribution, etc San Francisci, California :
260 ## - PUBLICATION, DISTRIBUTION, ETC. (IMPRINT)
Name of publisher, distributor, etc Berrett-Koehler Pub., Inc.
260 ## - PUBLICATION, DISTRIBUTION, ETC. (IMPRINT)
Date of publication, distribution, etc 2001
300 ## - PHYSICAL DESCRIPTION
Extent 174 pages :
300 ## - PHYSICAL DESCRIPTION
Dimensions 22 cm.
500 ## - GENERAL NOTE
General note Includes bibliographical references and index.
650 ## - SUBJECT ADDED ENTRY--TOPICAL TERM
Topical term or geographic name as entry element Leadership -- Biblical teaching.
650 ## - SUBJECT ADDED ENTRY--TOPICAL TERM
Topical term or geographic name as entry element Work -- Biblical teaching.
650 ## - SUBJECT ADDED ENTRY--TOPICAL TERM
General subdivision Biblie O.T. -- Criticism, interpretation, etc.
650 ## - SUBJECT ADDED ENTRY--TOPICAL TERM
General subdivision Success -- Biblical teaching.
Holdings
Withdrawn status Lost status Damaged status Home library Current library Shelving location Date acquired Total Checkouts Full call number Barcode Date last seen Price effective from Koha item type
      South Mansfield College South Mansfield College   03/07/2005   MAIN BS 1199.L4 .W57 2001 SMC00252 05/23/2018 05/23/2018  

The Wisdom of Solomon at work :

APA

The Wisdom of Solomon at work. San Francisci, California: .

Chicago

The Wisdom of Solomon at work. San Francisci, California: .

Harvard

The Wisdom of Solomon at work. San Francisci, California: .

MLA

San Francisci, California: . .

  • Place hold
  • Print
  • Cite
  • Add to your cart (remove)
  • Save record
    BIBTEX Dublin Core MARCXML MARC (non-Unicode/MARC-8) MARC (Unicode/UTF-8) MARC (Unicode/UTF-8, Standard) MODS (XML) RIS
  • More searches
    Search for this title in:
    Other Libraries (WorldCat) Other Databases (Google Scholar) Online Stores (Bookfinder.com) Open Library (openlibrary.org)

Exporting to Dublin Core...

SOUTHVILLE LIBRARY

Southville International School and Colleges Library

1281 Tropical Ave. Cor. Luxembourg St., BF Homes International, Las Pinas City

Tel. No. 8256374 / 252358 Loc. 117/146

Powered by Koha